00893cam a22002294a 45000010009000000050017000090080041000260200018000670500021000850820021001061000021001272450067001482500012002152600052002273000033002795000020003126500030003327000021003628560083003838560091004668560106005571369597720241214145752.0040824s2006 maua 001 0 eng  a978007250178000aQM151b.S76 200600a611/.73/02222221 aStone, Robert J.10aAtlas of skeletal muscles /cRobert J. Stone, Judith A. Stone. a5th ed. aBoston :bMcGraw-Hill Higher Education,cc2006. aix, 225 p. :bill. ;c28 cm. aIncludes index. 0aStriated musclevAtlases.1 aStone, Judith A.413Table of contents onlyuhttp://www.loc.gov/catdir/toc/ecip0422/2004019992.html423Publisher descriptionuhttp://www.loc.gov/catdir/enhancements/fy0616/2004019992-d.html423Contributor biographical informationuhttp://www.loc.gov/catdir/enhancements/fy0737/2004019992-b.html